000 00326nam a2200145Ia 4500
008 230718s9999 xx 000 0 und d
041 _aEng.
082 _a340.03
_bCEN-M
100 _aCentral,Law BOOK
245 0 _aMnual of legal
260 _aPakistan
_bCentral law
_c2016
300 _a676
650 _aLaw
999 _c30671
_d30671